Advanced friendship bracelets / (Record no. 9987)

MARC details
000 -LEADER
fixed length control field 01034nam a22002777a 4500
001 - CONTROL NUMBER
control field 9987
003 - CONTROL NUMBER IDENTIFIER
control field FISKH
005 - DATE AND TIME OF LATEST TRANSACTION
control field 20260324113839.0
008 - FIXED-LENGTH DATA ELEMENTS--GENERAL INFORMATION
fixed length control field 260324b cb ||||| |||| 00| 0 eng d
040 ## - CATALOGING SOURCE
Original cataloging agency FISKH
Language of cataloging eng
Transcribing agency FISKH
Modifying agency FISKH
050 ## - LIBRARY OF CONGRESS CALL NUMBER
Classification number TT840 .M37
082 ## - DEWEY DECIMAL CLASSIFICATION NUMBER
Classification number 746.422
100 ## - MAIN ENTRY--PERSONAL NAME
Personal name Mason , Kate
245 ## - TITLE STATEMENT
Title Advanced friendship bracelets /
Statement of responsibility, etc. By Kate Mason : Illustrated by Helen Masden
260 ## - PUBLICATION, DISTRIBUTION, ETC.
Place of publication, distribution, etc. Texas :
Name of publisher, distributor, etc. Henderson Publishing ,
Date of publication, distribution, etc. 1993 .
300 ## - PHYSICAL DESCRIPTION
Extent 16 unnumbered pages :
Other physical details color illustrations ;
Dimensions 27 cm .
505 ## - FORMATTED CONTENTS NOTE
Formatted contents note K <br/>
520 ## - SUMMARY, ETC.
Summary, etc. This book is a beginner‑friendly craft guide for making friendship bracelets. It’s designed especially for children or beginners who want to learn how to create bracelets to give as gifts or wear themselves.
521 8# - TARGET AUDIENCE NOTE
Target audience note 510 <br/>
Source Lexile estimate <br/>
521 8# - TARGET AUDIENCE NOTE
Target audience note K <br/>
Source Raz-Plus <br/>
650 ## - SUBJECT ADDED ENTRY--TOPICAL TERM
Topical term or geographic name entry element Handicrafts
Form subdivision Children's non-fiction
650 ## - SUBJECT ADDED ENTRY--TOPICAL TERM
Topical term or geographic name entry element Arts and crafts
Form subdivision Children's non-fiction
700 ## - ADDED ENTRY--PERSONAL NAME
Personal name Marsden , Helen
942 ## - ADDED ENTRY ELEMENTS (KOHA)
Source of classification or shelving scheme Dewey Decimal Classification
Koha item type Books
Suppress in OPAC No
Holdings
Withdrawn status Lost status Source of classification or shelving scheme Damaged status Not for loan Collection Home library Current library Shelving location Date acquired Total Checkouts Full call number Barcode Date last seen Price effective from Koha item type
    Dewey Decimal Classification     Non-Fiction Footprints International School Library Network Toul Tom Poung Campus Footprints International School Library Network Toul Tom Poung Campus TTP Primary Yellow Bookshelves 03/24/2026   MAS 746.422 TT840 .M37 2026-0367 03/24/2026 03/24/2026 Books